Estadísticas para Logotipos del equipo nacional de fútbol

Haz click aquí para tomar la prueba!

Estadísticas generales

  • Esta prueba ha sido tomada 754 veces
  • La puntuación promedio es 18 de 20

Estadísticas de respuestas

Respuesta% Correcto
Alemania
100%
Italia
100%
Bélgica
99%
Turquía
99%
Brasil
98%
España
98%
Grecia
98%
Suecia
97%
Francia
96%
Inglaterra
96%
Portugal
96%
Uruguay
94%
Rusia
93%
Australia
89%
Países Bajos
89%
Perú
89%
Ecuador
88%
Estados Unidos
87%
Vietnam
24%
Sudáfrica
21%

Distribución de puntuación

Porcentaje por número respondido

Porcentaje de gente con cada puntuación

Historial de tus puntuaciones

No has tomado esta prueba